|
|
|
|
| LEADER |
00000cam a2200000 7i4500 |
| 001 |
0000004555 |
| 005 |
20151222.0 |
| 008 |
070730 |
| 020 |
|
|
|a 1842364103
|
| 090 |
0 |
0 |
|a ENC
|b ENG (4261)
|
| 245 |
0 |
0 |
|a First A to Z encyclopedia :
|b Farm,Greeks
|
| 260 |
|
|
|a Miles Kelly Publishing
|
| 300 |
|
|
|a Volume 4
|
| 500 |
|
|
|a Children ages 7-9 years old (orange)
|
| 650 |
|
0 |
|a Encyclopedia
|
| 650 |
|
0 |
|a Junior fiction
|x English
|x Languages
|
| 999 |
|
|
|a 0000970763
|b Book
|c REFERENCE
|e Cawangan Tangkak
|
| 999 |
|
|
|a 0001069930
|b Book
|c Children Collection
|e Cawangan Bandar Penawar
|
| 999 |
|
|
|a 0001069944
|b Book
|c Children Collection
|e Cawangan Batu Pahat
|
| 999 |
|
|
|a 0001069961
|b Book
|c Children Collection
|e Cawangan Tmn. Ungku Tun Aminah
|
| 999 |
|
|
|a 0001069967
|b Book
|c Children Collection
|e Cawangan Batu Pahat
|
| 999 |
|
|
|a 0001077179
|b Book
|c Children Collection
|e Cawangan Bukit Gambir
|
| 999 |
|
|
|a 0001077202
|b Book
|c Children Collection
|e Cawangan Batu Pahat
|
| 999 |
|
|
|a 0001077207
|b Book
|c Children Collection
|e Cawangan Pontian
|
| 999 |
|
|
|a 0001077214
|b Book
|c Children Collection
|e Cawangan Tmn. Ungku Tun Aminah
|
| 999 |
|
|
|a 0001132792
|b Book
|c Children Collection
|e Cawangan Taman Universiti
|
| 999 |
|
|
|a 0001132807
|b Book
|c Children Collection
|e Cawangan Bukit Gambir
|
| 999 |
|
|
|a 0001132810
|b Book
|c REFERENCE
|e Cawangan Bandar Tenggara
|
| 999 |
|
|
|a 0001132811
|b Book
|c REFERENCE
|e Cawangan Segamat
|
| 999 |
|
|
|a 0001132813
|b Book
|c Children Collection
|e Cawangan Pontian
|
| 999 |
|
|
|a 0001132815
|b Book
|c Children Collection
|e Cawangan Taman Universiti
|
| 999 |
|
|
|a 0001132816
|b Book
|c Children Collection
|e Cawangan Batu Pahat
|
| 999 |
|
|
|a 0001132817
|b Book
|c Children Collection
|e Cawangan Tangkak
|
| 999 |
|
|
|a 0001132818
|b Book
|c Children Collection
|e Cawangan Bandar Penawar
|
| 999 |
|
|
|a 0001132819
|b Book
|c Children Collection
|e Cawangan Batu Pahat
|
| 999 |
|
|
|a 0001132874
|b Book
|c Children Collection
|e Cawangan Taman Universiti
|